<?xml version="1.0" encoding="UTF-8"?>
<record
    xmlns:xsi="http://www.w3.org/2001/XMLSchema-instance"
    xsi:schemaLocation="http://www.loc.gov/MARC21/slim http://www.loc.gov/standards/marcxml/schema/MARC21slim.xsd"
    xmlns="http://www.loc.gov/MARC21/slim">

  <leader>01420nam a2200385 i 4500</leader>
  <datafield tag="999" ind1=" " ind2=" ">
    <subfield code="c">23977</subfield>
    <subfield code="d">23977</subfield>
  </datafield>
  <controlfield tag="001">nkc20162813156</controlfield>
  <controlfield tag="005">20251024081502.0</controlfield>
  <controlfield tag="007">ta</controlfield>
  <controlfield tag="008">160719s2015    xr a   f      000 0 cze  </controlfield>
  <datafield tag="020" ind1=" " ind2=" ">
    <subfield code="a">9788088153047</subfield>
    <subfield code="q">(bro&#x17E;ov&#xE1;no)</subfield>
  </datafield>
  <datafield tag="035" ind1=" " ind2=" ">
    <subfield code="a">(OCoLC)958229036</subfield>
  </datafield>
  <datafield tag="040" ind1=" " ind2=" ">
    <subfield code="a">OLA001</subfield>
    <subfield code="b">cze</subfield>
    <subfield code="e">rda</subfield>
    <subfield code="c">sk</subfield>
  </datafield>
  <datafield tag="041" ind1="1" ind2=" ">
    <subfield code="a">cze</subfield>
    <subfield code="h">eng</subfield>
  </datafield>
  <datafield tag="072" ind1=" " ind2="7">
    <subfield code="a">005</subfield>
    <subfield code="x">Management. &#x158;&#xED;zen&#xED;</subfield>
    <subfield code="2">Konspekt</subfield>
  </datafield>
  <datafield tag="080" ind1=" " ind2=" ">
    <subfield code="a">005.966</subfield>
    <subfield code="2">MRF</subfield>
  </datafield>
  <datafield tag="080" ind1=" " ind2=" ">
    <subfield code="a">303.725.36</subfield>
    <subfield code="2">MRF</subfield>
  </datafield>
  <datafield tag="080" ind1=" " ind2=" ">
    <subfield code="a">(048.8)</subfield>
    <subfield code="2">MRF</subfield>
  </datafield>
  <datafield tag="100" ind1="1" ind2=" ">
    <subfield code="a">Patton, Wendy,</subfield>
    <subfield code="d">1957-</subfield>
    <subfield code="4">aut</subfield>
    <subfield code="9">5122</subfield>
  </datafield>
  <datafield tag="240" ind1="1" ind2="0">
    <subfield code="a">Career development and systems theory.</subfield>
    <subfield code="l">&#x10C;esky</subfield>
  </datafield>
  <datafield tag="245" ind1="1" ind2="0">
    <subfield code="a">Kari&#xE9;rov&#xFD; rozvoj a syst&#xE9;mov&#xE1; teorie :</subfield>
    <subfield code="b">propojen&#xED; mezi teori&#xED; a prax&#xED; /</subfield>
    <subfield code="c">auto&#x159;i Wendy Pattonov&#xE1; a Mary McMahonov&#xE1; ; p&#x159;eklad: Presto - p&#x159;ekladatelsk&#xE9; centrum, s.r.o.</subfield>
  </datafield>
  <datafield tag="264" ind1=" " ind2="1">
    <subfield code="a">Praha :</subfield>
    <subfield code="b">Centrum Euroguidance, D&#x16F;m zahrani&#x10D;n&#xED; spolupr&#xE1;ce,</subfield>
    <subfield code="c">2015</subfield>
  </datafield>
  <datafield tag="300" ind1=" " ind2=" ">
    <subfield code="a">394 stran :</subfield>
    <subfield code="b">ilustrace ;</subfield>
    <subfield code="c">24 cm</subfield>
  </datafield>
  <datafield tag="336" ind1=" " ind2=" ">
    <subfield code="a">text</subfield>
    <subfield code="b">txt</subfield>
    <subfield code="2">rdacontent</subfield>
  </datafield>
  <datafield tag="337" ind1=" " ind2=" ">
    <subfield code="a">bez m&#xE9;dia</subfield>
    <subfield code="b">n</subfield>
    <subfield code="2">rdamedia</subfield>
  </datafield>
  <datafield tag="338" ind1=" " ind2=" ">
    <subfield code="a">svazek</subfield>
    <subfield code="b">nc</subfield>
    <subfield code="2">rdacarrier</subfield>
  </datafield>
  <datafield tag="500" ind1=" " ind2=" ">
    <subfield code="a">P&#x159;elo&#x17E;eno z angli&#x10D;tiny</subfield>
  </datafield>
  <datafield tag="650" ind1="0" ind2="7">
    <subfield code="a">rozvoj kari&#xE9;ry</subfield>
    <subfield code="2">czenas</subfield>
    <subfield code="9">5056</subfield>
  </datafield>
  <datafield tag="650" ind1="0" ind2="7">
    <subfield code="a">teorie syst&#xE9;m&#x16F;</subfield>
    <subfield code="2">czenas</subfield>
    <subfield code="9">5123</subfield>
  </datafield>
  <datafield tag="650" ind1="0" ind2="9">
    <subfield code="a">career development</subfield>
    <subfield code="2">eczenas</subfield>
    <subfield code="9">5061</subfield>
  </datafield>
  <datafield tag="650" ind1="0" ind2="9">
    <subfield code="a">system theory</subfield>
    <subfield code="2">eczenas</subfield>
    <subfield code="9">5124</subfield>
  </datafield>
  <datafield tag="655" ind1=" " ind2="7">
    <subfield code="a">monografie</subfield>
    <subfield code="2">czenas</subfield>
    <subfield code="9">1661</subfield>
  </datafield>
  <datafield tag="655" ind1=" " ind2="9">
    <subfield code="a">monographs</subfield>
    <subfield code="2">eczenas</subfield>
    <subfield code="9">1662</subfield>
  </datafield>
  <datafield tag="700" ind1="1" ind2=" ">
    <subfield code="a">McMahon, Mary,</subfield>
    <subfield code="d">1955-</subfield>
    <subfield code="4">aut</subfield>
    <subfield code="9">5125</subfield>
  </datafield>
  <datafield tag="710" ind1="2" ind2=" ">
    <subfield code="a">Presto (firma)</subfield>
    <subfield code="4">trl</subfield>
    <subfield code="9">5126</subfield>
  </datafield>
  <datafield tag="952" ind1=" " ind2=" ">
    <subfield code="0">0</subfield>
    <subfield code="1">0</subfield>
    <subfield code="2">udc</subfield>
    <subfield code="4">0</subfield>
    <subfield code="7">0</subfield>
    <subfield code="8">D</subfield>
    <subfield code="a">10000</subfield>
    <subfield code="b">10000</subfield>
    <subfield code="d">2025-10-24</subfield>
    <subfield code="i">22333</subfield>
    <subfield code="o">S1605</subfield>
    <subfield code="p">S1605</subfield>
    <subfield code="r">2025-10-24</subfield>
    <subfield code="w">2025-10-24</subfield>
    <subfield code="y">OLDO</subfield>
  </datafield>
</record>
